00928nam a22002297a 4500999001900000005001700019010001300036020002600049035001300075037000900088082001300097100002200110245015700132260004200289270003600331300002300367490004400390500005200434700001900486942002700505952016600532 c179154d17915420210527104014.0 aB-739936 a9788187358701c795.00 aB-739936 bGift a954.0072 aLardinois, Roland00ascholars and prophets:bsociology of India from France in the 19th - 20th centuries /cby Roland Lardinois ; translated from the French by Renuka George aNew DelhibSocial Science Pressc2013 a69, Jor BaghbNew Delhie110003 ax, 564p.c23cm(Hb) aFrench writings on India and South Asia aincludes bibliographical references and indexes aGeorge, Renuka 2ddccENmLARh954.0072 001040708NFICaAVbAVd2021-05-27eGift/Eng/03-05-2021g795.00l1m1o954.0072 LARpB-739936r2022-04-27 00:00:00s2022-04-12t1v795.00w2021-05-27yENzGift